[Event "Montreal Maplewood Cup"]
[Site "Montreal"]
[Date "2024.06.01"]
[Round "2"]
[White "Libersan, Thierry"]
[Black "Filion, Samuel"]
[Result "1-0"]
[WhiteElo "1945"]
[BlackElo "1812"]
[PlyCount "101"]
[EventDate "2024.05.31"]
[EventType "swiss"]
[EventRounds "6"]
[EventCountry "CAN"]
[SourceTitle "CB24_2024"]
[SourceDate "2024.06.12"]
[SourceVersion "1"]
[SourceVersionDate "2024.06.12"]
[SourceQuality "1"]

1. d4 e6 2. c4 d5 3. Nc3 Nf6 4. Bg5 Be7 5. e3 h6 6. Bh4 0-0 7. Nf3 b6 8. Qc2 Bb7 9. 0-0-0 Nbd7 10. Rg1 dxc4 11. Bxc4 Nd5 12. Bg3 Nxc3 13. bxc3 Nf6 14. Bd3 Qc8 15. Kb2 c5 16. c4 Rd8 17. Ne5 Nd7 18. f4 Nxe5 19. dxe5 Bc6 20. Be1 Qa6 21. Rd2 Qa4 22. Qxa4 Bxa4 23. Be4 Rxd2+ 24. Bxd2 Rc8 25. Bc3 Kf8 26. g4 Bc6 27. Bxc6 Rxc6 28. Kc2 Rc8 29. a4 Bd8 30. Kd3 Bc7 31. Ke4 Ke7 32. h4 Rd8 33. h5 Rh8 34. f5 f6 35. Rf1 fxe5 36. Bxe5 Bxe5 37. Kxe5 exf5 38. gxf5 Rd8 39. a5 Rd3 40. e4 Rd4 41. axb6 axb6 42. Rb1 Rxc4 43. Rxb6 Rc1 44. Rb7+ Kf8 45. Ke6 Kg8 46. e5 c4 47. Rb8+ Kh7 48. Kf7 Rh1 49. f6 gxf6 50. e6 c3 51. e7 1-0